Guidelines for consequence analysis of chemical releases

Đã lưu trong:
Chi tiết về thư mục
Định dạng: Sách
Được phát hành: New York, New York : American Institute of Chemical Engineers 1999
Những chủ đề:
Các nhãn: Thêm thẻ
Không có thẻ, Là người đầu tiên thẻ bản ghi này!

MARC

LEADER 00000nam a2200000Ia 4500
003 000055
005 20221231144018.0
008 140114s1999 n a 000 ||e d
040 |c cru CEDI 
082 |a 660.28 G946g 
245 |a Guidelines for consequence analysis of chemical releases 
260 |a  New York, New York : American Institute of Chemical Engineers  |c 1999 
300 |a 324 hojas ; ilustraciones +1 disco de computadora(12 cm) 
650 |x EVALUACION DE RIESGOS  |x ACCIDENTES  |x INGENIERIA QUIMICA  |9 18479 
942 |2 ddc  |c BK 
999 |c 15604  |d 15604